FC Barcelona's Spotify Artists Sponsors - Statistics

General Stats
  • This quiz has been taken 22 times
  • The average score is 5 of 8
Answer Stats
Nationality Artist % Correct
Canadian Drake
82%
British Ed Sheeran
68%
American Olivia Rodrigo
68%
American Travis Scott
64%
Spanish Rosalia
59%
British Rolling Stones
55%
British Coldplay
45%
Colombian Karol G
27%
No matching quizzes found
Score Distribution
Percent of People with Each Score
Percentile by Number Answered
Your Score History
You have not taken this quiz